| 000 | 00557nam a22001817a 4500 | ||
|---|---|---|---|
| 003 | OSt | ||
| 005 | 20240307073340.0 | ||
| 008 | 240307b |||||||| |||| 00| 0 eng d | ||
| 020 | _a9781292301730 | ||
| 040 | _cn | ||
| 082 | _a425 D137 2020 | ||
| 100 | _aDalby, Kristin | ||
| 245 |
_aUniversity success GCC intermediate writing. Student book & student MyEnglishLab / _cKristin Dalby (Author), Tim Dalby (Author) |
||
| 260 | _bPearson Education, Harlow, 2020 | ||
| 300 | _a450 pages, 24 cm. | ||
| 650 | _zEnglish language Rhetoric | ||
| 942 |
_2ddc _cBK-EN _n0 |
||
| 999 |
_c6569 _d6569 |
||